000 00195 a2200097 4500
001 8394
090 _c6764
_d6764
100 _aWilson, R
245 _aFour essayists (Transfered to SOA)
260 _bNelson
942 _aNUST-CAE
999 _c243467
_d243467